000 00567nam a2200217Ia 4500
003 OSt
005 20220928141019.0
006 a|||||r|||| 00| 0
007 ta
008 220927b |||||||| |||| 00| 0 eng d
024 _a12764
037 _cTextual
040 _aSDCL
_cSDCL
_beng
041 _2eng
_aeng
082 _aO-,3N03:g, L4
100 _aPaley Alan L
_9498411
245 0 _aGeorge orwell
_b Writer and critic of modern society.
260 _c1974
942 _hO-,3N03:g, L4
_cTEXL
_2CC
999 _c815173
_d815173